[Event "China zt 3.5 (Women)"]
[Site "Jiangxi"]
[Date "2025.03.30"]
[Round "9"]
[White "Zhai, Mo"]
[Black "Ni, Shiqun"]
[Result "1/2-1/2"]
[WhiteElo "2366"]
[BlackElo "2360"]
[PlyCount "62"]
[EventDate "2025.03.22"]
[EventType "swiss"]
[EventRounds "9"]
[EventCountry "CHN"]
[SourceTitle "CB14_2025"]
[SourceDate "2024.11.01"]
[SourceVersion "1"]
[SourceVersionDate "2024.11.01"]
[SourceQuality "1"]

1. d4 Nf6 2. c4 g6 3. Nc3 Bg7 4. e4 d6 5. Nf3 0-0 6. Be2 e5 7. 0-0 exd4 8. Nxd4 Re8 9. f3 c6 10. Be3 d5 11. cxd5 Nxd5 12. Nxd5 cxd5 13. Qb3 Nc6 14. Rad1 Nxd4 15. Bxd4 Bxd4+ 16. Rxd4 Qf6 17. Rd2 Qf4 18. Qxd5 Be6 19. Qd4 Bxa2 20. Ra1 Be6 21. g3 Qc7 22. Qe3 a6 23. f4 Rac8 24. Bf3 Qc5 25. Qxc5 Rxc5 26. Kf2 Rec8 27. Ra4 Rb5 28. Be2 Rb6 29. g4 Bb3 30. Rad4 a5 31. f5 Kg7 1/2-1/2

[Event "China zt 3.5 (Women)"]
[Site "Jiangxi"]
[Date "2025.03.26"]
[Round "5"]
[White "Zhai, Mo"]
[Black "Zhang, Xiao"]
[Result "1-0"]
[WhiteElo "2366"]
[BlackElo "2223"]
[PlyCount "93"]
[EventDate "2025.03.22"]
[EventType "swiss"]
[EventRounds "9"]
[EventCountry "CHN"]
[SourceTitle "CB14_2025"]
[SourceDate "2024.11.01"]
[SourceVersion "1"]
[SourceVersionDate "2024.11.01"]
[SourceQuality "1"]

1. c4 e5 2. Nc3 Nf6 3. Nf3 Nc6 4. e3 Bb4 5. Qc2 0-0 6. Nd5 a5 7. a3 Bc5 8. Ng5 g6 9. h4 d6 10. Nxf6+ Qxf6 11. Ne4 Qe7 12. h5 f5 13. Nxc5 dxc5 14. b3 a4 15. bxa4 Bd7 16. Bb2 Ra6 17. Be2 Re8 18. Bf3 Qd6 19. Kf1 Be6 20. Rd1 Rd8 21. hxg6 hxg6 22. d3 Bf7 23. Bxc6 Qxc6 24. Qc3 Qe6 25. f4 Kf8 26. Qe1 Rad6 27. Rh8+ Bg8 28. Qh4 Rxd3 29. Qh6+ Ke7 30. Rxd3 Rxd3 31. Qg7+ Qf7 32. Rxg8 Rxe3 33. Bxe5 Rxa3 34. Qxf7+ Kxf7 35. Rg7+ Kf8 36. Rxc7 Rxa4 37. Rxc5 Ke7 38. Rc7+ Ke6 39. Rxb7 Rxc4 40. Rg7 Kd5 41. Rxg6 Ke4 42. Kf2 Ra4 43. Kg3 Ra3+ 44. Kh4 Ra2 45. g3 Kf3 46. Kg5 Ke4 47. Rd6 1-0

[Event "China zt 3.5 (Women)"]
[Site "Jiangxi"]
[Date "2025.03.22"]
[Round "1"]
[White "Zhai, Mo"]
[Black "Bai, Xue"]
[Result "1-0"]
[WhiteElo "2366"]
[BlackElo "2064"]
[PlyCount "85"]
[EventDate "2025.03.22"]
[EventType "swiss"]
[EventRounds "9"]
[EventCountry "CHN"]
[SourceTitle "CB14_2025"]
[SourceDate "2024.11.01"]
[SourceVersion "1"]
[SourceVersionDate "2024.11.01"]
[SourceQuality "1"]

1. Nf3 d5 2. g3 e6 3. Bg2 Nf6 4. 0-0 Be7 5. d3 c5 6. e4 Nc6 7. Nbd2 0-0 8. Re1 dxe4 9. dxe4 e5 10. c3 a6 11. Nc4 Qxd1 12. Rxd1 Bg4 13. h3 Bxf3 14. Bxf3 Rad8 15. Be3 b5 16. Nb6 Na5 17. b3 Nb7 18. c4 Rxd1+ 19. Rxd1 Rd8 20. cxb5 Rxd1+ 21. Bxd1 axb5 22. Be2 b4 23. f3 Nd8 24. Bb5 Ne6 25. Nc4 Nd4 26. Bxd4 exd4 27. Kf2 Kf8 28. Ne5 Bd6 29. Nd3 Be7 30. Bc6 Ne8 31. f4 Nc7 32. Kf3 f6 33. e5 Kf7 34. Ke4 g6 35. g4 fxe5 36. Kxe5 h6 37. g5 hxg5 38. fxg5 Bxg5 39. Kd6 c4 40. bxc4 Na6 41. Bd5+ Kf8 42. Kc6 Be7 43. c5 1-0

[Event "Shenzhen (Women)"]
[Site "Shenzhen"]
[Date "2024.11.21"]
[Round "1.2"]
[White "Liu, Manli"]
[Black "Zhai, Mo"]
[Result "0-1"]
[WhiteElo "2068"]
[BlackElo "2369"]
[PlyCount "134"]
[EventDate "2024.11.21"]
[EventType "k.o."]
[EventRounds "4"]
[EventCountry "CHN"]
[SourceTitle "CB49_2024"]
[SourceDate "2024.12.04"]
[SourceVersion "1"]
[SourceVersionDate "2024.12.04"]
[SourceQuality "1"]

1. e4 Nf6 2. e5 Nd5 3. d4 d6 4. Nf3 g6 5. Bc4 Nb6 6. Bb3 Bg7 7. 0-0 0-0 8. Bf4 Nc6 9. c3 Bg4 10. exd6 cxd6 11. h3 Bf5 12. Re1 Na5 13. Bc2 Bxc2 14. Qxc2 Qd7 15. Nbd2 Rac8 16. Qd3 a6 17. Rac1 Nd5 18. Bh2 b5 19. Qe4 Qf5 20. Qe2 Rfe8 21. g4 Qd7 22. Qe4 Nf6 23. Qd3 Nc4 24. b3 Nxd2 25. Nxd2 Bh6 26. f4 Bg7 27. Bg3 Nd5 28. Nf3 Bh6 29. g5 Bg7 30. Kh2 Rc7 31. c4 bxc4 32. bxc4 Nb4 33. Qb3 Rb8 34. a3 Nc6 35. Qd3 Rb2+ 36. Re2 Qf5 37. Qe3 Rxe2+ 38. Qxe2 Nxd4 39. Nxd4 Bxd4 40. Qd2 Bg7 41. Qb4 Qd3 42. Qb8+ Bf8 43. Qxc7 Qd2+ 44. Kg1 Qxc1+ 45. Kg2 Qxa3 46. Bf2 Qd3 47. Qc8 Qe4+ 48. Kg3 Qd3+ 49. Kg2 a5 50. c5 dxc5 51. Bxc5 Qc2+ 52. Kg3 a4 53. Qc7 a3 54. Qa7 a2 55. Bd4 Qb1 56. Kf3 Qd3+ 57. Kg2 Qe2+ 58. Kg3 h6 59. h4 h5 60. Be5 Qg4+ 61. Kf2 Qxh4+ 62. Kf3 Qh1+ 63. Kg3 Qe1+ 64. Kh3 Qe2 65. Kg3 Bg7 66. Bxg7 Kxg7 67. Qd4+ e5 0-1

[Event "CHN-ch Blitz (Women)"]
[Site "Hohhot"]
[Date "2024.11.13"]
[Round "3"]
[White "Hong, Xing"]
[Black "Zhai, Mo"]
[Result "1/2-1/2"]
[WhiteElo "2104"]
[BlackElo "2306"]
[PlyCount "80"]
[EventDate "2024.11.13"]
[EventType "swiss (blitz)"]
[EventRounds "9"]
[EventCountry "CHN"]
[SourceTitle "CB49_2024"]
[SourceDate "2024.12.04"]
[SourceVersion "1"]
[SourceVersionDate "2024.12.04"]
[SourceQuality "1"]

1. e4 d5 2. exd5 Qxd5 3. Nc3 Qa5 4. d4 Nf6 5. Bd3 c6 6. Bd2 Qb6 7. Qe2 Bg4 8. f3 Bh5 9. 0-0-0 Nbd7 10. Be3 Qc7 11. Nh3 Bg6 12. Nf4 Bxd3 13. Rxd3 e6 14. d5 e5 15. Rhd1 Bb4 16. dxc6 bxc6 17. a3 Bxc3 18. Rxc3 0-0 19. Nd3 Nd5 20. Rc4 Rab8 21. Nc5 Nxc5 22. Bxc5 Rfe8 23. h4 Qb7 24. b4 a5 25. c3 axb4 26. cxb4 Qa6 27. Qd3 Nf4 28. Qb3 Red8 29. g3 Rxd1+ 30. Kxd1 Rd8+ 31. Kc2 Rd3 32. Rc3 Rxc3+ 33. Qxc3 Ne6 34. Qxe5 h6 35. Qe3 Qc4+ 36. Qc3 Qa2+ 37. Qb2 Qc4+ 38. Qc3 Qa2+ 39. Qb2 Qc4+ 40. Qc3 Qa2+ 1/2-1/2

[Event "CHN-ch Blitz (Women)"]
[Site "Hohhot"]
[Date "2024.11.13"]
[Round "1"]
[White "Liu, Manli"]
[Black "Zhai, Mo"]
[Result "0-1"]
[WhiteElo "2092"]
[BlackElo "2306"]
[PlyCount "89"]
[EventDate "2024.11.13"]
[EventType "swiss (blitz)"]
[EventRounds "9"]
[EventCountry "CHN"]
[SourceTitle "CB49_2024"]
[SourceDate "2024.12.04"]
[SourceVersion "1"]
[SourceVersionDate "2024.12.04"]
[SourceQuality "1"]

1. e4 d5 2. exd5 Qxd5 3. d4 Nf6 4. Nf3 Bg4 5. Be2 e6 6. c4 Qd8 7. Nc3 Nc6 8. Be3 Bb4 9. 0-0 Bxc3 10. bxc3 0-0 11. Bg5 h6 12. Bh4 g5 13. Bg3 Ne4 14. Qc2 f5 15. h3 Bh5 16. Bh2 Bg6 17. Ne5 Nxe5 18. Bxe5 Qd7 19. f3 Nf6 20. Rab1 b6 21. Bd3 Rac8 22. Rfd1 Qf7 23. a4 Nd7 24. Re1 Kh7 25. Re2 c5 26. Rbe1 Rfe8 27. Bd6 Qf6 28. Be5 Qf7 29. Bd6 Qf6 30. Be5 Qf8 31. Qd2 Rcd8 32. Qb2 Qf7 33. Bb1 Rc8 34. Bd3 Rcd8 35. Bb1 Rc8 36. Bd3 Red8 37. Qb1 Re8 38. Qb2 Rcd8 39. Qc2 Nxe5 40. Rxe5 cxd4 41. cxd4 Rxd4 42. Qe2 Rd6 43. c5 bxc5 44. Bc4 Qf6 45. Bxe6 0-1

[Event "CHN-ch Rapid (Women)"]
[Site "Hohhot"]
[Date "2024.11.13"]
[Round "9"]
[White "Ni, Shiqun"]
[Black "Zhai, Mo"]
[Result "1/2-1/2"]
[WhiteElo "2343"]
[BlackElo "2390"]
[PlyCount "81"]
[EventDate "2024.11.12"]
[EventType "swiss (rapid)"]
[EventRounds "9"]
[EventCountry "CHN"]
[SourceTitle "CB49_2024"]
[SourceDate "2024.12.04"]
[SourceVersion "1"]
[SourceVersionDate "2024.12.04"]
[SourceQuality "1"]

1. e4 d5 2. exd5 Qxd5 3. Nc3 Qa5 4. d4 Nf6 5. Nf3 c6 6. Bd2 Qb6 7. Na4 Qc7 8. g3 Bf5 9. Bg2 e6 10. 0-0 Nbd7 11. c4 Be7 12. Qe2 0-0 13. Rac1 Rfe8 14. h3 Rad8 15. Rfd1 Bd6 16. Nh4 Bg6 17. Nxg6 hxg6 18. c5 Bf8 19. Bf4 Qa5 20. Qc2 Nd5 21. Bd2 Qc7 22. b4 N7f6 23. Qc4 e5 24. dxe5 Qxe5 25. Nc3 Qf5 26. Nxd5 Nxd5 27. a4 Nf6 28. Be3 Nd5 29. Bd4 Qe6 30. b5 Rd7 31. Kh2 Nf6 32. Qxe6 Rxe6 33. Be3 Re5 34. Rxd7 Nxd7 35. bxc6 bxc6 36. Bxc6 Nxc5 37. Kg2 Re6 38. Bb5 Re5 39. Bc6 Re6 40. Bb5 Re5 41. Bc6 1/2-1/2

[Event "CHN-ch Rapid (Women)"]
[Site "Hohhot"]
[Date "2024.11.12"]
[Round "1"]
[White "Liu, Manli"]
[Black "Zhai, Mo"]
[Result "1/2-1/2"]
[WhiteElo "2092"]
[BlackElo "2390"]
[PlyCount "126"]
[EventDate "2024.11.12"]
[EventType "swiss (rapid)"]
[EventRounds "9"]
[EventCountry "CHN"]
[SourceTitle "CB49_2024"]
[SourceDate "2024.12.04"]
[SourceVersion "1"]
[SourceVersionDate "2024.12.04"]
[SourceQuality "1"]

1. e4 e5 2. Nf3 Nc6 3. Bb5 Nf6 4. 0-0 Nxe4 5. Re1 Nd6 6. Nxe5 Be7 7. Bf1 Nxe5 8. Rxe5 0-0 9. d4 Ne8 10. Re1 d5 11. Bf4 c6 12. c3 g6 13. Nd2 Ng7 14. h3 Re8 15. Bd3 a5 16. a4 Bf5 17. Qc2 Qd7 18. Nf3 f6 19. Bxf5 Nxf5 20. Re2 g5 21. g4 Ng7 22. Bg3 h5 23. Rae1 Kf7 24. Qh7 hxg4 25. hxg4 Bf8 26. Nh2 Rxe2 27. Rxe2 Re8 28. Qd3 Rxe2 29. Qxe2 c5 30. dxc5 Bxc5 31. b3 Qe6 32. Kf1 Qe4 33. Qxe4 dxe4 34. f3 exf3 35. Nxf3 Ne8 36. Ke2 Ke6 37. Nd2 Nd6 38. Kf3 f5 39. Bxd6 Bxd6 40. Nc4 Bc7 41. gxf5+ Kxf5 42. Ne3+ Ke5 43. Nc4+ Kd5 44. Ne3+ Kc5 45. Ke4 Bf4 46. Ng4 Bd2 47. Kd3 Be1 48. Nf6 Bh4 49. Ke4 Be1 50. Kd3 Kc6 51. Kd4 Bg3 52. b4 axb4 53. cxb4 Be1 54. Kc4 b6 55. Kb3 Bf2 56. Kc4 Be3 57. Ng4 Bf4 58. Nf6 Be3 59. Ng4 Bf4 60. Nf6 Be3 61. Ng4 Bf4 62. Nf6 Be3 63. Ng4 Bf4 1/2-1/2

[Event "CHN-ch Rapid (Women)"]
[Site "Hohhot"]
[Date "2024.11.12"]
[Round "4"]
[White "Zhai, Mo"]
[Black "Hu, Yu A"]
[Result "1-0"]
[WhiteElo "2390"]
[BlackElo "2106"]
[PlyCount "63"]
[EventDate "2024.11.12"]
[EventType "swiss (rapid)"]
[EventRounds "9"]
[EventCountry "CHN"]
[SourceTitle "CB49_2024"]
[SourceDate "2024.12.04"]
[SourceVersion "1"]
[SourceVersionDate "2024.12.04"]
[SourceQuality "1"]

1. Nf3 d5 2. e3 g6 3. c4 c6 4. Qa4 Nf6 5. cxd5 Qxd5 6. Bc4 Qd6 7. Qb3 e6 8. 0-0 Bg7 9. d4 0-0 10. Qc2 c5 11. b3 b6 12. Rd1 Qc7 13. dxc5 bxc5 14. Bb2 Nbd7 15. Nbd2 Bb7 16. h3 Rac8 17. Rac1 Qb8 18. Be2 Rfd8 19. Qb1 Nb6 20. Qa1 Ne8 21. Bxg7 Nxg7 22. Ne5 Nd7 23. Ndf3 Bxf3 24. Nxf3 f6 25. Nd2 e5 26. Ne4 Kh8 27. Nd6 Rf8 28. Nxc8 Qxc8 29. Bg4 f5 30. Be2 Qc7 31. Rd5 e4 32. Bb5 1-0

[Event "Abu Dhabi op-A 30th"]
[Site "Abu Dhabi"]
[Date "2024.08.19"]
[Round "4"]
[White "Zhai, Mo"]
[Black "Suleymenov, Alisher"]
[Result "0-1"]
[WhiteElo "2359"]
[BlackElo "2461"]
[PlyCount "120"]
[EventDate "2024.08.15"]
[EventType "swiss"]
[EventRounds "9"]
[EventCountry "UAE"]
[SourceTitle "EXT 2025"]
[Source "ChessBase"]
[SourceDate "2024.10.14"]
[SourceVersion "1"]
[SourceVersionDate "2024.10.14"]
[SourceQuality "1"]

1. d4 d5 2. c4 e6 3. Nf3 Nf6 4. Nc3 Nbd7 5. Bf4 dxc4 6. e3 Nd5 7. Bxc4 Nxf4 8. exf4 Nb6 9. Bd3 g6 10. Qe2 Nd5 11. Nxd5 Qxd5 12. 0-0 Bg7 13. Bc4 Qd6 14. d5 0-0 15. dxe6 Bxe6 16. Rad1 Qxf4 17. Bxe6 Rae8 18. Qb5 Rxe6 19. Qxb7 a5 20. b3 Re2 21. Rc1 Rxf2 22. Rc4 Rxf1+ 23. Kxf1 Qf5 24. Qe4 Qd7 25. Qc2 Qb5 26. a4 Qa6 27. Kg1 Qb6+ 28. Kf1 Qa6 29. Kg1 Qa7+ 30. Kf1 Rc8 31. Rc6 h6 32. Qc4 Qe3 33. Rxc7 Rxc7 34. Qxc7 Qd3+ 35. Kf2 Bc3 36. Qc4 Qc2+ 37. Kg3 Qb2 38. Qd5 Qe2 39. h3 Kg7 40. Qc5 Qd3 41. Qc4 Qe3 42. Kh2 g5 43. Qd5 Qf4+ 44. Kg1 Qe3+ 45. Kh2 Qe6 46. Qb5 Qe4 47. Qc4 Qxc4 48. bxc4 Kf6 49. Kg3 Kf5 50. Kf2 Ke4 51. Ke2 f5 52. c5 Kd5 53. Kd3 Bf6 54. c6 Kxc6 55. Kc4 h5 56. Ng1 h4 57. Ne2 Be5 58. Nc1 g4 59. Nd3 Kd6 60. Nf2 Bg3 0-1

[Event "Belt and Road Shaoxing 6th"]
[Site "Shaoxing"]
[Date "2024.08.02"]
[Round "9"]
[White "Zhai, Mo"]
[Black "Garifullina, Leya"]
[Result "1/2-1/2"]
[WhiteElo "2359"]
[BlackElo "2449"]
[PlyCount "51"]
[EventDate "2024.07.24"]
[EventType "swiss"]
[EventRounds "9"]
[EventCountry "CHN"]
[SourceTitle "EXT 2025"]
[Source "ChessBase"]
[SourceDate "2024.10.14"]
[SourceVersion "1"]
[SourceVersionDate "2024.10.14"]
[SourceQuality "1"]

1. d4 Nf6 2. c4 e6 3. Nf3 d5 4. Nc3 Bb4 5. Qa4+ Nc6 6. e3 0-0 7. Qc2 Re8 8. Bd2 Bf8 9. a3 e5 10. dxe5 Nxe5 11. cxd5 Nxf3+ 12. gxf3 Nxd5 13. Bd3 Nxc3 14. Bxc3 Qh4 15. 0-0-0 Be6 16. f4 Rad8 17. Rhg1 f6 18. Rg3 Kh8 19. f5 Bf7 20. f4 Rd6 21. Rdg1 Red8 22. Be2 Qxh2 23. R3g2 Qh3 24. Rg3 Qh2 25. R3g2 Qh3 26. Rg3 1/2-1/2

[Event "Belt and Road Shaoxing 6th"]
[Site "Shaoxing"]
[Date "2024.07.30"]
[Round "7"]
[White "Zhai, Mo"]
[Black "Zhang, Lanlin"]
[Result "1/2-1/2"]
[WhiteElo "2359"]
[BlackElo "2161"]
[PlyCount "59"]
[EventDate "2024.07.24"]
[EventType "swiss"]
[EventRounds "9"]
[EventCountry "CHN"]
[SourceTitle "EXT 2025"]
[Source "ChessBase"]
[SourceDate "2024.10.14"]
[SourceVersion "1"]
[SourceVersionDate "2024.10.14"]
[SourceQuality "1"]

1. d4 Nf6 2. c4 e6 3. Nf3 d5 4. Nc3 Be7 5. e3 0-0 6. Bd3 b6 7. cxd5 exd5 8. b3 Bb7 9. Bb2 Nbd7 10. 0-0 a6 11. Ne2 Bd6 12. Ng3 g6 13. Ne5 Ne4 14. Rc1 Qe7 15. Bxe4 dxe4 16. Nc6 Qh4 17. d5 Rae8 18. Qd4 f6 19. f4 Nc5 20. Rc2 a5 21. b4 axb4 22. Nxb4 Bc8 23. Bc3 Bd7 24. Nc6 Ra8 25. Qd1 Bc8 26. Nb4 Bd7 27. Nc6 Bc8 28. Nb4 Bd7 29. Nc6 Bc8 30. Nb4 1/2-1/2

[Event "Belt and Road Shaoxing 6th"]
[Site "Shaoxing"]
[Date "2024.07.25"]
[Round "2"]
[White "Zhai, Mo"]
[Black "Wagner, Dinara"]
[Result "1/2-1/2"]
[WhiteElo "2359"]
[BlackElo "2452"]
[PlyCount "76"]
[EventDate "2024.07.24"]
[EventType "swiss"]
[EventRounds "9"]
[EventCountry "CHN"]
[SourceTitle "CBM 221 Extra"]
[Source "ChessBase"]
[SourceDate "2024.09.30"]
[SourceVersion "1"]
[SourceVersionDate "2024.09.30"]
[SourceQuality "1"]

1. d4 Nf6 2. c4 e6 3. Nf3 d5 4. Nc3 Bb4 5. cxd5 exd5 6. Bg5 0-0 7. e3 c5 8. dxc5 Nbd7 9. Be2 Qa5 10. Bxf6 Nxf6 11. 0-0 Bxc3 12. bxc3 Qxc5 13. Qd4 b6 14. a4 Be6 15. a5 Rfc8 16. Ba6 Rc7 17. axb6 axb6 18. Bd3 Rac8 19. Rab1 Qxc3 20. Rxb6 Nd7 21. Rb4 Qxd4 22. Nxd4 Ne5 23. Be2 Nc6 24. Nxc6 Rxc6 25. h3 g6 26. g4 Rc2 27. Bf3 R2c4 28. Rfb1 g5 29. Kg2 Kg7 30. Rb5 R8c5 31. Kg3 h6 32. Rxc5 Rxc5 33. Rb8 Ra5 34. Rd8 Rc5 35. Rb8 Kf6 36. h4 Rc2 37. hxg5+ hxg5 38. Rb5 Ke5 1/2-1/2

[Event "CHN-ch (Women)"]
[Site "Xinghua"]
[Date "2024.05.15"]
[Round "10"]
[White "Song, Yuxin"]
[Black "Zhai, Mo"]
[Result "1/2-1/2"]
[WhiteElo "2381"]
[BlackElo "2349"]
[PlyCount "61"]
[EventDate "2024.05.06"]
[EventType "tourn"]
[EventRounds "11"]
[EventCountry "CHN"]
[EventCategory "1"]
[SourceTitle "CBM 220 Extra"]
[Source "ChessBase"]
[SourceDate "2024.07.31"]
[SourceVersion "1"]
[SourceVersionDate "2024.07.31"]
[SourceQuality "1"]

1. e4 e5 2. Nf3 Nc6 3. Bb5 Nf6 4. 0-0 Nxe4 5. Re1 Nd6 6. Nxe5 Be7 7. Bf1 Nxe5 8. Rxe5 0-0 9. d4 Bf6 10. Re1 Re8 11. c3 Rxe1 12. Qxe1 Ne8 13. Bf4 d5 14. Bd3 g6 15. Nd2 Ng7 16. Qe2 c6 17. Re1 Bf5 18. Bxf5 Nxf5 19. Nf3 Ng7 20. Be5 Ne6 21. Bxf6 Qxf6 22. Ne5 Re8 23. Ng4 Qd8 24. Qe5 Ng7 25. Qxe8+ Nxe8 26. Rxe8+ Qxe8 27. Nf6+ Kf8 28. Nxe8 Kxe8 29. f4 f5 30. Kf2 Ke7 31. Ke3 1/2-1/2

[Event "CHN-ch (Women)"]
[Site "Xinghua"]
[Date "2024.05.12"]
[Round "7"]
[White "Zhai, Mo"]
[Black "Ni, Shiqun"]
[Result "1/2-1/2"]
[WhiteElo "2349"]
[BlackElo "2324"]
[PlyCount "60"]
[EventDate "2024.05.06"]
[EventType "tourn"]
[EventRounds "11"]
[EventCountry "CHN"]
[EventCategory "1"]
[SourceTitle "CBM 220 Extra"]
[Source "ChessBase"]
[SourceDate "2024.07.31"]
[SourceVersion "1"]
[SourceVersionDate "2024.07.31"]
[SourceQuality "1"]

1. d4 d5 2. c4 dxc4 3. Nf3 Nf6 4. e3 e6 5. Bxc4 c5 6. 0-0 a6 7. Bd3 Nbd7 8. Nc3 b5 9. b3 Bb7 10. Bb2 Bd6 11. Rc1 0-0 12. Bb1 Qe7 13. Qe2 cxd4 14. Nxd4 Rfd8 15. Rfd1 Rac8 16. Nf3 Ba3 17. Ng5 h6 18. Nge4 Bxb2 19. Qxb2 b4 20. Nxf6+ Qxf6 21. Na4 Qxb2 22. Nxb2 Nb6 23. Rxc8 Rxc8 24. e4 Kf8 25. f3 Ke7 26. Kf2 a5 27. Bd3 Rc3 28. Rd2 Bc6 29. Ke2 Kd6 30. Ba6+ Ke7 1/2-1/2